| 000 | 00990nam a2200325 a 4500 | ||
|---|---|---|---|
| 001 | 54671 | ||
| 003 | BD-RjUL | ||
| 005 | 20211209080143.0 | ||
| 008 | 161108s1985 ii b 001 0 eng | ||
| 020 | _cRs 175.00 | ||
| 035 | _a(OCoLC)13004359 | ||
| 035 | _a(OCoLC)ocm13004359 | ||
| 035 | _a(CStRLIN)NYCG85-B113741 | ||
| 035 | _a(BD-RjUL)54793 | ||
| 035 | _a(NNC)303110 | ||
| 040 |
_dCStRLIN _dNNC _aBD-RjUL _beng _cBD-RjUL |
||
| 041 | _aeng | ||
| 082 | 0 |
_a954.035 _223 _bSAM 1985 |
|
| 090 |
_aDS479 _b.S284 1985 |
||
| 100 | 1 |
_aSaxena, Vinod Kumar. _9163036 |
|
| 245 | 1 | 0 |
_aMuslims and the Indian National Congress, 1885-1924 / _cVinod Kumar Saxena. |
| 260 |
_aDelhi : _bDiscovery, _c1985. |
||
| 300 |
_aix, 258 p. ; _c23 cm. |
||
| 500 | _aIncludes index. | ||
| 504 | _aBibliography: p. [233]-252. | ||
| 650 | 0 |
_aMuslims _xPolitical activity _zIndia. _9163037 |
|
| 651 | 0 |
_aIndia _xPolitics and government _y1857-1919. _9124245 |
|
| 942 |
_2ddc _cBK |
||
| 999 |
_c54671 _d54671 |
||